Výkonnostní audit - nástroj ke sledování efektivnosti ve veřejném sektoru analýza na příklade ČR v kontextu přípravy na vstup do EU

Nevyhnutnosť transformácie ponukového spôsobu zostavovania rozpočtu na model založený na dopytovom prístupe v bývalých socialistických krajinách. Prechod v ČR na rozpočtovanie orientované na výkon. Problémové otázky, ukazovatele výkonu a sledovanie efektívnosti. Výkonnostný audit - nástroj na sledov...

Descripción completa

Guardado en:
Detalles Bibliográficos
Autor principal: Ochrana, František
Formato: Capítulo de libro
Lenguaje:checo
Materias:
Etiquetas: Agregar Etiqueta
Sin Etiquetas, Sea el primero en etiquetar este registro!

MARC

LEADER 00000naa$a2200000$$$4500
001 0005406
005 20221128120943.3
041 0 |a cze 
044 |a SK 
245 1 0 |a Výkonnostní audit - nástroj ke sledování efektivnosti ve veřejném sektoru  |b analýza na příklade ČR v kontextu přípravy na vstup do EU  |c aut. František Ochrana 
520 |a Nevyhnutnosť transformácie ponukového spôsobu zostavovania rozpočtu na model založený na dopytovom prístupe v bývalých socialistických krajinách. Prechod v ČR na rozpočtovanie orientované na výkon. Problémové otázky, ukazovatele výkonu a sledovanie efektívnosti. Výkonnostný audit - nástroj na sledovanie efektívnosti vo verejnom sektore. 
610 2 0 |a sektor verejný 
610 2 0 |a audit 
610 2 0 |a reformy 
610 2 0 |a rozpočtovanie 
610 2 0 |a kontrola 
610 2 0 |a Česko 
100 1 |a Ochrana, František